Arctic Monkeys Lyrics - 7 - Statistics

General Stats
  • This quiz has been taken 50 times
  • The average score is 111 of 213
Answer Stats
Lyrics % Correct
I
94%
do
89%
the
83%
a
81%
it
81%
seven!
81%
be
78%
down
78%
my
78%
you
78%
You
78%
and
75%
And
75%
five,
75%
four,
75%
never
75%
number
75%
One,
75%
six,
75%
so
75%
three,
75%
two,
75%
Your
75%
your
75%
before
72%
Well,
72%
wrote
72%
you're
67%
for
64%
to
64%
at
61%
no,
61%
no
61%
that
61%
did
58%
me
58%
all
56%
I'm
56%
in
56%
In
56%
But
53%
but
53%
could
53%
didn't
53%
face
53%
have
53%
oh
53%
see
53%
Were
53%
were
53%
when
53%
bottle
50%
pretty
50%
she
50%
Couldn't
47%
couldn't
47%
shy
47%
sure
47%
find
44%
from
44%
nowhere
44%
seen,
44%
around,
42%
eye,
42%
mine
42%
something
42%
there
42%
though,
42%
wouldn't
42%
'Cause
39%
dashed
39%
film
39%
give
39%
her
39%
like
39%
staring
39%
bring
36%
kept
36%
La
36%
-la
36%
-la,
36%
la
36%
la,
36%
mates
36%
over
36%
say
36%
tried
36%
was
36%
ways
36%
went
36%
with
36%
back
33%
felt
33%
months
33%
regret
33%
thoughts
33%
weeks
33%
"What
33%
days
31%
looking
31%
sailed
31%
ship
31%
up
31%
yet
31%
moved
28%
outside
28%
pairing
28%
amazed
25%
gonna
25%
"Maybe"s
25%
our
25%
by
22%
hasn't
22%
if?"s
22%
minds
22%
stayed
22%
Because
17%
Surrounded
17%
properly
11%
bashed
8%
haven't
8%
No matching quizzes found
Score Distribution
Percent of People with Each Score
Percentile by Number Answered
Your Score History
You have not taken this quiz